|
|
|
|
| LEADER |
03205nam a2200769 a 4500 |
| 001 |
nkc20081806694 |
| 003 |
CZ PrNK |
| 005 |
20180227102436.0 |
| 007 |
ta |
| 008 |
081128s2008 xr acfhf 001 0dcze |
| 015 |
|
|
|a cnb001806694
|
| 020 |
|
|
|a 978-80-7394-076-8
|q (váz.)
|
| 035 |
|
|
|a (OCoLC)298775226
|
| 040 |
|
|
|a ABA001
|b cze
|
| 041 |
0 |
|
|a cze
|b eng
|
| 043 |
|
|
|a e-xr---
|
| 045 |
|
|
|a t7u6
|
| 072 |
|
7 |
|a 27
|x Křesťanství. Křesťanská církev všeobecně. Eklesiologie
|2 Konspekt
|9 5
|
| 080 |
|
|
|a 27-175
|2 MRF
|
| 080 |
|
|
|a 27-175.75
|2 MRF
|
| 080 |
|
|
|a 274-726.6
|2 MRF
|
| 080 |
|
|
|a 316.344.32
|2 MRF
|
| 080 |
|
|
|a 274/278-1/-9
|2 MRF
|
| 080 |
|
|
|a 001:2-1
|2 MRF
|
| 080 |
|
|
|a 001:316.3
|2 MRF
|
| 080 |
|
|
|a 314.15-026.49:2
|2 MRF
|
| 080 |
|
|
|a 322:27-67
|2 MRF
|
| 080 |
|
|
|a (437.3)
|2 MRF
|
| 080 |
|
|
|a (048.8)
|2 MRF
|
| 100 |
1 |
|
|a Urbánek, Vladimír,
|d 1963-
|7 xx0002390
|4 aut
|
| 245 |
1 |
0 |
|a Eschatologie, vědění a politika :
|b příspěvek k dějinám myšlení pobělohorského exilu /
|c Vladimír Urbánek
|
| 250 |
|
|
|a Vyd. 1.
|
| 260 |
|
|
|a České Budějovice :
|b Jihočeská univerzita,
|c 2008
|
| 300 |
|
|
|a 303 s., [24] s. obr. příl. :
|b il. (některé barev.), portréty, faksim. ;
|c 22 cm
|
| 490 |
1 |
|
|a Monographia historica ;
|v sv. 9
|
| 500 |
|
|
|a 600 výt.
|
| 504 |
|
|
|a Obsahuje bibliografii, bibliografické odkazy a rejstřík
|
| 546 |
|
|
|a Anglické resumé
|
| 600 |
1 |
7 |
|a Partlicius, Simeon,
|d asi 1590-1640
|7 nlk20010096580
|2 czenas
|
| 600 |
1 |
7 |
|a Habervešl z Habernfeldu, Ondřej,
|d asi 1580-1645
|7 jk01032916
|2 czenas
|
| 600 |
1 |
7 |
|a Felgenhauer, Pavel,
|d asi 1570-1660
|7 jk01030859
|2 czenas
|
| 648 |
|
4 |
|a 1570-1660
|
| 648 |
|
7 |
|a 17. století
|7 ch460555
|2 czenas
|
| 650 |
0 |
7 |
|a eschatologie
|7 ph114483
|z Česko
|y 17. století
|2 czenas
|
| 650 |
0 |
7 |
|a chiliasmus
|7 ph119166
|z Česko
|y 17. století
|2 czenas
|
| 650 |
0 |
7 |
|a protestanté
|7 ph182343
|z Česko
|y 16.-17. století
|2 czenas
|
| 650 |
0 |
7 |
|a intelektuálové
|7 ph121139
|z Česko
|y 16.-17. století
|2 czenas
|
| 650 |
0 |
7 |
|a protestantské učení
|7 ph307587
|z Česko
|y 17. století
|2 czenas
|
| 650 |
0 |
7 |
|a věda a víra
|7 ph116677
|z Česko
|y 17. století
|2 czenas
|
| 650 |
0 |
7 |
|a věda a společnost
|7 ph196656
|z Česko
|y 17. století
|2 czenas
|
| 650 |
0 |
7 |
|a náboženská emigrace
|7 ph270279
|y 17. století
|2 czenas
|
| 650 |
0 |
7 |
|a křesťanství a politika
|7 ph417914
|y 17. století
|2 czenas
|
| 650 |
0 |
9 |
|a eschatology
|z Czechia
|y 17th century
|2 eczenas
|
| 650 |
0 |
9 |
|a millennialism
|z Czechia
|y 17th century
|2 eczenas
|
| 650 |
0 |
9 |
|a Protestants
|z Czechia
|y 16th-17th centuries
|2 eczenas
|
| 650 |
0 |
9 |
|a intellectuals
|z Czechia
|y 16th-17th centuries
|2 eczenas
|
| 650 |
0 |
9 |
|a Protestant doctrine
|z Czechia
|y 17th century
|2 eczenas
|
| 650 |
0 |
9 |
|a science and belief
|z Czechia
|y 17th century
|2 eczenas
|
| 650 |
0 |
9 |
|a science and civilization
|z Czechia
|y 17th century
|2 eczenas
|
| 650 |
0 |
9 |
|a religious emigration
|y 17th century
|2 eczenas
|
| 650 |
0 |
9 |
|a Christianity and politics
|y 17th century
|2 eczenas
|
| 655 |
|
7 |
|a monografie
|7 fd132842
|2 czenas
|
| 830 |
|
0 |
|a Monographia historica
|0 s
|
| 910 |
2 |
|
|a BOA001
|b 2-1404.152
|
| 990 |
|
|
|a BK
|
| 995 |
|
|
|a 01
|
| 996 |
6 |
|
|b 2610736106
|c 2-1404.152
|l MZK
|r Sklad / do 1 hodiny
|n 0
|p kup
|w 001654116
|u 000010
|a 1
|e BOA001
|j MZK50
|s P
|